000 00602nam a2200229Ia 4500
003 OSt
005 20220928104217.0
006 a|||||r|||| 00| 0
007 ta
008 220927b |||||||| |||| 00| 0 eng d
024 _a33104
037 _cTextual
040 _aSDCL
_cSDCL
_beng
041 _2eng
_aeng
082 _aO152,2:g(NT2), P6
100 _aAchutan A
_9399611
245 0 _aNaatyanuvad avam bhartiya rangmanch.
260 _aDelhi
_bShabd Setu
_c2007
300 _a272p.
_ccm.
942 _hO152,2:g(NT2), P6
_cTEXL
_2CC
999 _c725212
_d725212